UM Logo

Distractor Analysis of Teacher-made Multiple-choice Test in Math 1B and Math 2B in University of Mindanao Digos College. (Record no. 6384)

MARC details
000 -LEADER
fixed length control field 00630nam a22001577a 4500
008 - FIXED-LENGTH DATA ELEMENTS--GENERAL INFORMATION
fixed length control field 170309b xxu||||| |||| 00| 0 eng d
082 ## - DEWEY DECIMAL CLASSIFICATION NUMBER
Edition number 2016
Classification number UT 0692
Item number D15
100 ## - MAIN ENTRY--PERSONAL NAME
9 (RLIN) 19240
Personal name Dala, Jiralde C.
245 ## - TITLE STATEMENT
Title Distractor Analysis of Teacher-made Multiple-choice Test in Math 1B and Math 2B in University of Mindanao Digos College.
Statement of responsibility, etc. Jiralde C. dala, Adelaida G. Felix and Danesa J. Malanji.
300 ## - PHYSICAL DESCRIPTION
Extent 76 pages;
Other physical details 29 cm.
650 #0 - SUBJECT ADDED ENTRY--TOPICAL TERM
9 (RLIN) 19241
Topical term or geographic name as entry element Education
Form subdivision Mathematics
General subdivision Undergraduate Thesis.
700 ## - ADDED ENTRY--PERSONAL NAME
9 (RLIN) 19242
Personal name Dala, Jiralde C.
700 ## - ADDED ENTRY--PERSONAL NAME
9 (RLIN) 19243
Personal name Felix, Adelaida G.
700 ## - ADDED ENTRY--PERSONAL NAME
9 (RLIN) 19244
Personal name Malanji, Danesa J.
942 ## - ADDED ENTRY ELEMENTS (KOHA)
Source of classification or shelving scheme Dewey Decimal Classification
Koha item type Undergraduate Thesis
Holdings
Withdrawn status Lost status Source of classification or shelving scheme Damaged status Not for loan Home library Current library Date acquired Total Checkouts Full call number Barcode Date last seen Copy number Price effective from Koha item type
    Dewey Decimal Classification     UM Digos College - LIC UM Digos College - LIC 11/07/2016   UT 0692 D15 2016 UT0692 03/09/2017 1 03/09/2017 Undergraduate Thesis
    Dewey Decimal Classification     UM Digos College - LIC UM Digos College - LIC 02/27/2017   UT 0737 D15 2016 UT0737 04/18/2017 2 04/18/2017 Undergraduate Thesis
    Dewey Decimal Classification     UM Digos College - LIC UM Digos College - LIC 02/27/2017   UT 0748 D15 2016 UT0748 04/24/2017 3 04/24/2017 Undergraduate Thesis